ˆ[‰Издания]. № 2: Гидрологические и климатические условия гибели пшеницы в 1927-1928 году и возможные агрикультур-технические мероприятия по борьбе с гибелью озимых (Запись № 13562692)

Подробности
000 -МАРКЕР
контрольное поле 01171nam2a2200241 4500
001 - ИДЕНТИФИКАТОР ЗАПИСИ
контрольное поле rc\2647028
005 - ИДЕНТИФИКАТОР ВЕРСИИ
контрольное поле 20260315042919.0
035 ## - ДРУГИЕ СИСТЕМНЫЕ НОМЕРА
Идентификатор записи (NLR Aleph) 006954701
100 ## - ДАННЫЕ ОБЩЕЙ ОБРАБОТКИ
Данные общей обработки 20110609d1928 u y0rusy50 ca
101 0# - ЯЗЫК РЕСУРСА
Язык текста, звукозаписи и т.д. русский
102 ## - СТРАНА ПУБЛИКАЦИИ ИЛИ ПРОИЗВОДСТВА
Страна публикации российская федерация
105 ## - ПОЛЕ КОДИРОВАННЫХ ДАННЫХ: ТЕКСТОВЫЕ МАТЕРИАЛЫ, МОНОГРАФИЧЕСКИЕ
Кодированные данные о монографическом текстовом документе y z |||||
200 1# - ЗАГЛАВИЕ И СВЕДЕНИЯ ОБ ОТВЕТСТВЕННОСТИ
Основное заглавие Гидрологические и климатические условия гибели пшеницы в 1927-1928 году и возможные агрикультур-технические мероприятия по борьбе с гибелью озимых
Первые сведения об ответственности А.Ф. Лебедев и Е.В. Талалаев
210 ## - ПУБЛИКАЦИЯ, РАСПРОСТРАНЕНИЕ И ДР.
Дата издания, распространения и т.д. 1928
461 #0 - УРОВЕНЬ НАБОРА
Встроенное поле 001rc\2647027
-- 2001#$aˆ[‰Издания]$e№ 2-$fДонская окр. зем. упр.$v№ 2
Системный номер (АБИС) связанной записи 5281801
Автор Донская селекционная станция (Ростов-на-Дону)
Место публикации Ростов на Дону
Дата публикации 1928
Первые сведения об ответственности Донская окр. зем. упр.
Имя издателя, распространителя и т.д. Б. и.
Сведения, относящиеся к заглавию № 2-
Заглавие ˆ[‰Издания]
Номер тома № 2
700 #1 - ИМЯ ЛИЦА - ПЕРВИЧНАЯ ОТВЕТСТВЕННОСТЬ
Начальный элемент ввода Лебедев
Часть имени, кроме начального элемента ввода А.Ф.
701 #1 - ИМЯ ЛИЦА - АЛЬТЕРНАТИВНАЯ ОТВЕТСТВЕННОСТЬ
Начальный элемент ввода Талалаев
Часть имени, кроме начального элемента ввода Е.В.
801 #0 - ИСТОЧНИК ЗАПИСИ
Страна российская федерация
Организация NLR
Правила каталогизации psbo
801 #1 - ИСТОЧНИК ЗАПИСИ
Страна российская федерация
Организация ELAR
Источник данных rusmarc
852 ## - МЕСТОНАХОЖДЕНИЕ И ШИФР ХРАНЕНИЯ
Идентификатор организации NLR
Шифр хранения (Call Number) 94/534
942 ## - ДОПОЛНИТЕЛЬНЫЕ ЭЛЕМЕНТЫ ЗАПИСИ (АБИС)
Тип экземпляра АБИС Неопределено
980 ## - КОЛЛЕКЦИЯ
Название коллекции Национальная библиография

Нет доступных экземпляров.